[Event "Junior Online 4NCL Division 4"]
[Site "online"]
[Date "2021.02.18"]
[EventDate "2021.02.18"]
[Round "3.141"]
[White "Toth, Nandor"]
[WhiteElo "1264"]
[WhiteTeam "St James Primary"]
[Black "Roets, Nicholas"]
[BlackElo "1240"]
[BlackTeam "Wimbledon Juniors A"]
[Result "1-0"]
[PlyCount "149"]

1. e4 e5 2. Nf3 Nc6 3. Nc3 Nf6 4. Bb5 Bb4 5. d3 Bxc3+ 6. bxc3 d6 7. Bg5 h6 8. Bxc6+ bxc6 9. Bh4 d5 10. exd5 cxd5 11. h3 Qd6 12. Bg3 Nd7 13. d4 Qc6 14. Qd2 exd4 15. Nxd4 Qb6 16. O-O O-O 17. Rab1 Qa5 18. Nf5 Nc5 19. Ne7+ Kh8 20. Nxd5 Ne4 21. Qd4 Nxg3 22. fxg3 Be6 23. Nb4 Rab8 24. Nc6 Qxa2 25. Nxb8 Qxc2 26. Qd1 Qxd1 27. Rfxd1 Bf5 28. Rb7 Be4 29. Rxc7 Rxb8 30. Rxa7 Rb2 31. Rxf7 Rxg2+ 32. Kf1 Rxg3 33. Rd4 Bg2+ 34. Kf2 Rg6 35. Rg4 Rxg4 36. hxg4 Bd5 37. Rf4 g5 38. Rd4 Bc6 39. c4 Kg7 40. Rd6 Be4 41. Ke3 Bg6 42. c5 Kf7 43. c6 h5 44. gxh5 Bxh5 45. c7 Bg4 46. Rd8 Kf6 47. c8=Q Bxc8 48. Rxc8 Kf5 49. Rc5+ Kg4 50. Kf2 Kf4 51. Rc4+ Kf5 52. Kf3 Kg6 53. Kg4 Kf6 54. Rc5 Ke6 55. Rxg5 Kf6 56. Rb5 Ke6 57. Kf4 Kd6 58. Ke4 Kc6 59. Rh5 Kd6 60. Rg5 Kc6 61. Kd4 Kb7 62. Rg6 Kc7 63. Kd5 Kb7 64. Kc5 Ka7 65. Kb5 Kb7 66. Rg7+ Kc8 67. Kb6 Kd8 68. Kc6 Ke8 69. Kd6 Kf8 70. Ra7 Ke8 71. Rb7 Kf8 72. Ke6 Kg8 73. Kf6 Kh8 74. Kg6 Kg8 75. Rb8# 1-0

[Event "Junior Online 4NCL Division 4"]
[Site "online"]
[Date "2021.02.18"]
[EventDate "2021.02.18"]
[Round "3.142"]
[White "Mallick, Ismail"]
[WhiteElo "1075"]
[WhiteTeam "Wimbledon Juniors A"]
[Black "Crichton, Finlay"]
[BlackElo "1116"]
[BlackTeam "St James Primary"]
[Result "1-0"]
[PlyCount "115"]

1. e4 e5 2. Nf3 Nc6 3. Bc4 Bc5 4. Nc3 Nf6 5. d3 h6 6. Bd2 d6 7. h3 Bd7 8. a3 Qe7 9. Qe2 a6 10. Nd5 Nxd5 11. Bxd5 O-O-O 12. O-O-O Nd4 13. Nxd4 Bxd4 14. Qf3 Be6 15. Bxe6+ Qxe6 16. Kb1 f6 17. Bb4 d5 18. exd5 Qxd5 19. Qf5+ Kb8 20. g4 Qb5 21. c3 Bb6 22. c4 Qa4 23. Bc3 Rd6 24. Bb4 Rd4 25. c5 Ba7 26. Qg6 Rg8 27. Qf7 Qe8 28. Qb3 Rh8 29. Rhe1 g6 30. Rc1 c6 31. Ba5 Rd5 32. Bb6 Bxb6 33. cxb6 Qd8 34. Red1 h5 35. f3 hxg4 36. hxg4 Rb5 37. Qf7 g5 38. Qg7 Rxb6 39. Ka1 Rh3 40. Qg6 Rxf3 41. Rc2 Qd4 42. Qe4 Qxe4 43. dxe4 Rf4 44. Rcd2 Rxe4 45. Rd8+ Ka7 46. Rf8 Rxg4 47. Rxf6 Rg2 48. b4 Rb5 49. Re6 a5 50. bxa5 Rxa5 51. Rd3 Rg1+ 52. Kb2 Rg2+ 53. Kb3 Rb5+ 54. Kc3 Ra5 55. Kb4 Ra6 56. Rxe5 b6 57. Rd7+ Kb8 58. Re8# 1-0

[Event "Junior Online 4NCL Division 4"]
[Site "online"]
[Date "2021.02.18"]
[EventDate "2021.02.18"]
[Round "3.145"]
[White "Roets, Nicholas"]
[WhiteElo "1240"]
[WhiteTeam "Wimbledon Juniors A"]
[Black "Toth, Nandor"]
[BlackElo "1264"]
[BlackTeam "St James Primary"]
[Result "1/2-1/2"]
[PlyCount "102"]

1. d4 d5 2. c4 e6 3. e3 Nf6 4. Nf3 c5 5. Nc3 b6 6. Bd3 Bb7 7. O-O Bd6 8. Re1 Nbd7 9. e4 dxe4 10. Nxe4 Nxe4 11. Bxe4 Bxe4 12. Rxe4 Nf6 13. Bg5 Be7 14. Bxf6 Bxf6 15. b3 O-O 16. h3 h6 17. Rb1 Qc7 18. Ne5 cxd4 19. Qxd4 Rad8 20. Qc3 Rd6 21. Qg3 Rfd8 22. f4 Bxe5 23. fxe5 Rd3 24. Re3 Rxe3 25. Qxe3 Qd7 26. b4 Rb8 27. c5 bxc5 28. Qxc5 Rc8 29. Qa5 Qc7 30. Qxc7 Rxc7 31. Rd1 Rc2 32. a3 Ra2 33. Rd3 Kh7 34. Kh2 Kg6 35. Kg3 Kf5 36. Rf3+ Kxe5 37. Rxf7 Rxa3+ 38. Kf2 g5 39. Rh7 a5 40. bxa5 Rxa5 41. Rxh6 Kd6 42. Kf3 Rf5+ 43. Ke3 Kd5 44. g4 Re5+ 45. Kf3 Kd4 46. h4 gxh4 47. Rxh4 Re3+ 48. Kf2 Re4 49. Kf3 Re3+ 50. Kf2 Re4 51. Kf3 Re3+ 1/2-1/2

[Event "Junior Online 4NCL Division 4"]
[Site "online"]
[Date "2021.02.18"]
[EventDate "2021.02.18"]
[Round "3.146"]
[White "Crichton, Finlay"]
[WhiteElo "1116"]
[WhiteTeam "St James Primary"]
[Black "Mallick, Ismail"]
[BlackElo "1075"]
[BlackTeam "Wimbledon Juniors A"]
[Result "0-1"]
[PlyCount "46"]

1. e4 c5 2. d4 cxd4 3. Qxd4 Nc6 4. Qd1 Nf6 5. Nc3 e5 6. Nf3 Bc5 7. Bc4 d6 8. O-O O-O 9. Bg5 h6 10. Bh4 Bg4 11. Nd5 g5 12. Bg3 Nxe4 13. h3 Nxg3 14. Kh2 Nxf1+ 15. Qxf1 Be6 16. g3 f5 17. h4 g4 18. Ng1 Ne7 19. Nxe7+ Qxe7 20. Bd3 Rac8 21. f3 h5 22. fxg4 fxg4 23. Qe2 Rf2+ 0-1

[Event "Junior Online 4NCL Division 4"]
[Site "online"]
[Date "2021.02.18"]
[EventDate "2021.02.18"]
[Round "3.148"]
[White "Tang, Ismini"]
[WhiteElo "866"]
[WhiteTeam "St James Primary"]
[Black "Roets, Daniel"]
[BlackElo "1008"]
[BlackTeam "Wimbledon Juniors A"]
[Result "1-0"]
[PlyCount "111"]

1. d4 d5 2. Nf3 Nc6 3. Nc3 Bf5 4. a3 Nf6 5. Bf4 e6 6. e3 Bd6 7. Bb5 Qd7 8. Bxd6 Qxd6 9. Ne5 a6 10. Ba4 b5 11. Bb3 Nxe5 12. dxe5 Qxe5 13. O-O Ng4 14. g3 Be4 15. f3 Nxe3 16. Qe2 Bf5 17. Rfe1 d4 18. Ne4 Bxe4 19. fxe4 Qxe4 20. c3 Qf5 21. cxd4 Ng4 22. d5 Rd8 23. dxe6 fxe6 24. Bxe6 Qc5+ 25. Kg2 Ne3+ 26. Qxe3 Qxe3 27. Rxe3 Rd2+ 28. Kh3 Rxb2 29. Bc8+ Kd8 30. Bxa6 c5 31. Rd1+ Kc7 32. Re7+ Kb6 33. Rd6+ Ka5 34. Ra7 Ka4 35. Bxb5+ Kxb5 36. Rb7+ Kc4 37. Rxb2 Kc3 38. Rdb6 Kc4 39. Rc2+ Kd4 40. a4 c4 41. a5 c3 42. Rc6 Ra8 43. a6 g5 44. R2xc3 h5 45. Rb3 Ke4 46. Rb7 Kf3 47. a7 Rg8 48. Rb8 g4+ 49. Kh4 Rg7 50. a8=Q Re7 51. Rd6+ Kf2 52. Qa3 Ke2 53. Rb2+ Kf1 54. Rd1+ Re1 55. Rxe1+ Kxe1 56. Qa1# 1-0

[Event "Junior Online 4NCL Division 4"]
[Site "online"]
[Date "2021.02.18"]
[EventDate "2021.02.18"]
[Round "3.151"]
[White "Dalah, Jacob"]
[WhiteElo "1038"]
[WhiteTeam "Edgware Gambits G"]
[Black "Johnston, Alexander"]
[BlackElo "1464"]
[BlackTeam "Forest Hall Juniors"]
[Result "0-1"]
[PlyCount "96"]

1. e4 c6 2. d4 d5 3. Bd3 dxe4 4. Bxe4 Nf6 5. Bf3 Bf5 6. Ne2 e6 7. O-O Be7 8. c4 O-O 9. b3 Na6 10. Ba3 Nb4 11. Bxb4 Bxb4 12. a3 Ba5 13. b4 Bc7 14. Nbc3 Qd6 15. Ng3 Rad8 16. b5 Qxd4 17. Qxd4 Rxd4 18. Nxf5 exf5 19. bxc6 bxc6 20. c5 Nd5 21. Nxd5 cxd5 22. Rad1 Rh4 23. Rxd5 Bxh2+ 24. Kh1 g6 25. Ra1 Be5+ 26. Kg1 Bxa1 27. g3 Rc4 28. Be2 Rc2 29. Bd3 Rd2 30. Kg2 Bf6 31. Kf3 Rd8 32. Rxd8+ Bxd8 33. Bc4 Rc2 34. Ba6 Rxc5 35. Kg2 Bb6 36. Be2 Ra5 37. a4 Rxa4 38. Bb5 Ra2 39. Bc4 Rxf2+ 40. Kg1 Rf4+ 41. Kg2 Rxc4 42. Kh3 a5 43. Kg2 a4 44. Kh3 a3 45. Kg2 a2 46. Kh3 a1=Q 47. Kg2 Qg1+ 48. Kh3 Qh1# 0-1

[Event "Junior Online 4NCL Division 4"]
[Site "online"]
[Date "2021.02.18"]
[EventDate "2021.02.18"]
[Round "3.152"]
[White "Wu, Feitong"]
[WhiteElo "1390"]
[WhiteTeam "Forest Hall Juniors"]
[Black "Bengani, Arihant"]
[BlackElo "1105"]
[BlackTeam "Edgware Gambits G"]
[Result "1-0"]
[PlyCount "31"]

1. e4 e5 2. Nc3 Nf6 3. f4 Nc6 4. fxe5 Nxe5 5. d4 Nc6 6. e5 Ng8 7. Nf3 d6 8. Bc4 Nge7 9. O-O g6 10. Ng5 d5 11. Nxf7 Qd7 12. Bb5 Rg8 13. Nh6 Rg7 14. Qf3 Nf5 15. Nxd5 Nfxd4 16. Qxf8# 1-0

[Event "Junior Online 4NCL Division 4"]
[Site "online"]
[Date "2021.02.18"]
[EventDate "2021.02.18"]
[Round "3.153"]
[White "Tager, Maya"]
[WhiteElo "1037"]
[WhiteTeam "Edgware Gambits G"]
[Black "Hutchins, Andrew"]
[BlackElo "1449"]
[BlackTeam "Forest Hall Juniors"]
[Result "0-1"]
[PlyCount "84"]

1. e4 c5 2. d3 Nc6 3. Nf3 Nf6 4. Nbd2 d5 5. g3 Bg4 6. Bg2 Qc7 7. O-O O-O-O 8. exd5 Nxd5 9. c4 Nf6 10. Re1 h5 11. Ne4 Nxe4 12. Rxe4 f5 13. Bf4 e5 14. Bg5 fxe4 15. Bxd8 Bxf3 16. Bxc7 Bxd1 17. Rxd1 Kxc7 18. Bxe4 Nd4 19. Bd5 Kd6 20. b3 b5 21. Bg2 b4 22. Ra1 g5 23. Bd5 h4 24. Kg2 h3+ 25. Kg1 g4 26. Rb1 Rh6 27. Kf1 Rf6 28. Be4 Nf3 29. Bxf3 Rxf3 30. Ke2 e4 31. dxe4 Ke5 32. Ra1 Kxe4 33. Kf1 Kd3 34. Rd1+ Kc2 35. Rd7 Rc3 36. Rxa7 Kd2 37. Rd7+ Rd3 38. Rf7 Rf3 39. Rc7 Kc2 40. Ra7 Bd6 41. Ke2 Be5 42. Rc7 Bxc7 0-1

[Event "Junior Online 4NCL Division 4"]
[Site "online"]
[Date "2021.02.18"]
[EventDate "2021.02.18"]
[Round "3.154"]
[White "Wall, Oliver"]
[WhiteElo "1398"]
[WhiteTeam "Forest Hall Juniors"]
[Black "Datta, Ishan"]
[BlackElo "1063"]
[BlackTeam "Edgware Gambits G"]
[Result "1-0"]
[PlyCount "39"]

1. d4 d5 2. c4 e6 3. a3 Nf6 4. Nc3 Nc6 5. Nf3 Be7 6. Bf4 Bd6 7. Bg5 Be7 8. Bxf6 Bxf6 9. e3 O-O 10. cxd5 exd5 11. Bd3 Bg4 12. O-O Bxf3 13. Qxf3 h6 14. Nxd5 Qd7 15. Nxf6+ gxf6 16. Qe4 f5 17. Qf4 Kh8 18. Bxf5 Qd5 19. Qxh6+ Kg8 20. Qh7# 1-0

[Event "Junior Online 4NCL Division 4"]
[Site "online"]
[Date "2021.02.18"]
[EventDate "2021.02.18"]
[Round "3.155"]
[White "Johnston, Alexander"]
[WhiteElo "1464"]
[WhiteTeam "Forest Hall Juniors"]
[Black "Dalah, Jacob"]
[BlackElo "1038"]
[BlackTeam "Edgware Gambits G"]
[Result "1-0"]
[PlyCount "109"]

1. d4 d5 2. c4 dxc4 3. e3 Nf6 4. Bxc4 b6 5. Nf3 e6 6. O-O Bd6 7. Nc3 O-O 8. e4 Nfd7 9. a3 c5 10. d5 Ba6 11. Bxa6 Nxa6 12. dxe6 fxe6 13. Qxd6 Nf6 14. Qxd8 Raxd8 15. Bg5 Rd4 16. Nxd4 cxd4 17. Bxf6 Rxf6 18. Nb5 Rf4 19. Nxd4 Rxe4 20. Nc6 Re3 21. Rfe1 Rb3 22. Rab1 Kf7 23. h3 Nc7 24. Nxa7 Nd5 25. Nc6 Ne7 26. Nxe7 Kxe7 27. Re3 Rb5 28. b4 Rg5 29. Rf3 g6 30. Rc1 Kd6 31. Rd3+ Ke5 32. Rc7 Ke4 33. Rd6 Ke5 34. Rxb6 Rh5 35. Rb5+ Kf6 36. Rxh5 gxh5 37. Rxh7 Kg6 38. Rc7 Kf6 39. b5 Ke5 40. b6 Kd6 41. a4 e5 42. a5 e4 43. a6 e3 44. fxe3 h4 45. a7 Kd5 46. a8=Q+ Ke5 47. Qe8+ Kd5 48. Qd7+ Ke4 49. Qd4+ Kf5 50. Rc5+ Ke6 51. Qd5+ Ke7 52. b7 Ke8 53. b8=Q+ Ke7 54. Qbd6+ Ke8 55. Rc8# 1-0

[Event "Junior Online 4NCL Division 4"]
[Site "online"]
[Date "2021.02.18"]
[EventDate "2021.02.18"]
[Round "3.156"]
[White "Bengani, Arihant"]
[WhiteElo "1105"]
[WhiteTeam "Edgware Gambits G"]
[Black "Wu, Feitong"]
[BlackElo "1390"]
[BlackTeam "Forest Hall Juniors"]
[Result "0-1"]
[PlyCount "42"]

1. d4 e6 2. c4 Nf6 3. Nc3 Bb4 4. Bd2 d5 5. e3 O-O 6. Nf3 Bd6 7. Qb3 c6 8. Ne5 Nbd7 9. f4 h6 10. O-O-O a5 11. a4 Bb4 12. c5 Bxc3 13. Bxc3 Ne4 14. Nxd7 Qxd7 15. g4 Nf2 16. Rg1 Nxd1 17. Qxd1 f6 18. Qd2 Qd8 19. Qg2 b5 20. g5 fxg5 21. fxg5 Qxg5 0-1

[Event "Junior Online 4NCL Division 4"]
[Site "online"]
[Date "2021.02.18"]
[EventDate "2021.02.18"]
[Round "3.157"]
[White "Hutchins, Andrew"]
[WhiteElo "1449"]
[WhiteTeam "Forest Hall Juniors"]
[Black "Tager, Maya"]
[BlackElo "1037"]
[BlackTeam "Edgware Gambits G"]
[Result "1-0"]
[PlyCount "25"]

1. d4 d5 2. e4 dxe4 3. Nc3 Nf6 4. f3 exf3 5. Qxf3 Nc6 6. d5 Nb8 7. Bf4 c6 8. O-O-O cxd5 9. Nxd5 Nxd5 10. Rxd5 Qb6 11. Qc3 Be6 12. Bc7 Qf2 13. Rd8# 1-0

[Event "Junior Online 4NCL Division 4"]
[Site "online"]
[Date "2021.02.18"]
[EventDate "2021.02.18"]
[Round "3.158"]
[White "Datta, Ishan"]
[WhiteElo "1063"]
[WhiteTeam "Edgware Gambits G"]
[Black "Wall, Oliver"]
[BlackElo "1398"]
[BlackTeam "Forest Hall Juniors"]
[Result "1-0"]
[PlyCount "111"]

1. d4 d5 2. c4 e6 3. Nc3 Nf6 4. Bg5 Bb4 5. Qb3 Bxc3+ 6. Qxc3 O-O 7. Nf3 Ne4 8. Qe3 Nxg5 9. Nxg5 Nc6 10. Qh3 h6 11. Nf3 e5 12. Qh5 exd4 13. Ne5 Nxe5 14. Qxe5 dxc4 15. Qc5 d3 16. O-O-O Be6 17. exd3 b6 18. Qe5 cxd3 19. Bxd3 Kh8 20. Be4 Qg5+ 21. f4 Qf5 22. Bxf5 Bxf5 23. Qxf5 c5 24. Rhe1 a5 25. Qd5 Rac8 26. Qb7 c4 27. Qxb6 c3 28. Qb3 cxb2+ 29. Kxb2 Rb8 30. Qxb8 Rxb8+ 31. Ka3 g5 32. fxg5 hxg5 33. Re7 Kg7 34. Rd5 Kf6 35. Ra7 Rh8 36. Raxa5 Rxh2 37. Rxg5 Rh4 38. Rgf5+ Ke6 39. Rae5+ Kd6 40. Re8 Rg4 41. Rxf7 Rxg2 42. Rf6+ Kd7 43. Rh8 Ke7 44. Ra6 Rg3+ 45. Kb2 Rg2+ 46. Kc3 Kf7 47. Ra7+ Kg6 48. Rg8+ Kf6 49. Rxg2 Ke6 50. a4 Kd6 51. Rg6+ Kc5 52. Rg5+ Kb6 53. Rh7 Kc6 54. Rh6+ Kb7 55. Rg7+ Kc8 56. Rh8# 1-0

[Event "Junior Online 4NCL Division 4"]
[Site "online"]
[Date "2021.02.18"]
[EventDate "2021.02.18"]
[Round "3.161"]
[White "Weisfeld, Raphael"]
[WhiteElo "1030"]
[WhiteTeam "Tetherdown Knights"]
[Black "Pipalia, Rishi"]
[BlackElo "1362"]
[BlackTeam "JHJ Shark Tank 6"]
[Result "0-1"]
[PlyCount "38"]

1. e4 e5 2. Nf3 Nf6 3. Bc4 Nc6 4. Ng5 d5 5. exd5 Na5 6. d3 Nxc4 7. dxc4 Bc5 8. O-O Bd6 9. Nc3 O-O 10. Qd3 g6 11. Nb5 Bf5 12. Qe2 a6 13. Nxd6 Qxd6 14. Be3 b6 15. a3 a5 16. Rad1 Rad8 17. Qd2 Ng4 18. Bd4 exd4 19. Qxd4 Qxh2# 0-1

[Event "Junior Online 4NCL Division 4"]
[Site "online"]
[Date "2021.02.18"]
[EventDate "2021.02.18"]
[Round "3.162"]
[White "Sisupalan, Beni"]
[WhiteElo "1314"]
[WhiteTeam "JHJ Shark Tank 6"]
[Black "Murphy, Sam"]
[BlackElo "910"]
[BlackTeam "Tetherdown Knights"]
[Result "1-0"]
[PlyCount "33"]

1. e4 e5 2. Nf3 Nc6 3. Bc4 Bc5 4. Nc3 Nf6 5. d3 O-O 6. Bg5 d6 7. Nd5 Bb4+ 8. c3 Bc5 9. Nxf6+ gxf6 10. Bh6 Re8 11. Nh4 Qd7 12. Nf5 Qxf5 13. exf5 Bxf5 14. Qf3 Bc8 15. Qxf6 Bxf2+ 16. Kxf2 Re6 17. Qg7# 1-0

[Event "Junior Online 4NCL Division 4"]
[Site "online"]
[Date "2021.02.18"]
[EventDate "2021.02.18"]
[Round "3.163"]
[White "Cartwright, Ethan"]
[WhiteElo "956"]
[WhiteTeam "Tetherdown Knights"]
[Black "Bryant, Amelie"]
[BlackElo "1315"]
[BlackTeam "JHJ Shark Tank 6"]
[Result "0-1"]
[PlyCount "140"]

1. e4 e5 2. Nf3 Nf6 3. Nc3 Nc6 4. d4 exd4 5. Nxd4 Bb4 6. f3 Nh5 7. Nxc6 Qh4+ 8. g3 Nxg3 9. hxg3 Qxh1 10. Nxb4 O-O 11. Be3 Qh2 12. Qe2 Qxg3+ 13. Qf2 Qd6 14. Bd2 Qxb4 15. O-O-O d6 16. Nd5 Qc5 17. Qxc5 dxc5 18. Ne7+ Kh8 19. Nxc8 Raxc8 20. Bc3 Kg8 21. Bc4 a6 22. a3 b5 23. Bd5 c6 24. Ba2 c4 25. Rd2 f5 26. e5 Rfe8 27. Re2 Re6 28. f4 Rg6 29. b3 Rd8 30. bxc4 bxc4 31. Bxc4+ Kh8 32. e6 h6 33. e7 Rb8 34. e8=Q+ Rxe8 35. Rxe8+ Kh7 36. Re1 Rg4 37. Bd2 Rg3 38. Bxa6 Rxa3 39. Bc4 Kh8 40. Re8+ Kh7 41. Bd3 Kg6 42. Re6+ Kf7 43. Bxf5 Ra1+ 44. Kb2 Ra6 45. Bb4 Rb6 46. c3 h5 47. Re7+ Kf6 48. Be6 c5 49. Kb3 cxb4 50. Re8 Rxe6 51. Rf8+ Ke7 52. Rf5 bxc3 53. Kxc3 g6 54. Re5 Rxe5 55. fxe5 Ke6 56. Kd4 g5 57. Ke3 Kxe5 58. Kf2 Kf4 59. Kg2 h4 60. Kh3 Kf3 61. Kh2 g4 62. Kg1 h3 63. Kh2 g3+ 64. Kxh3 g2 65. Kh4 g1=Q 66. Kh5 Kf4 67. Kh6 Kf5 68. Kh7 Kf6 69. Kh8 Kf7 70. Kh7 Qg7# 0-1

[Event "Junior Online 4NCL Division 4"]
[Site "online"]
[Date "2021.02.18"]
[EventDate "2021.02.18"]
[Round "3.164"]
[White "Sharma, Ishaan"]
[WhiteElo "1328"]
[WhiteTeam "JHJ Shark Tank 6"]
[Black "Glynne, Jacob"]
[BlackElo "829"]
[BlackTeam "Tetherdown Knights"]
[Result "1-0"]
[PlyCount "95"]

1. d4 e6 2. c4 d5 3. Nc3 dxc4 4. Bf4 Bb4 5. e3 c5 6. a3 Bxc3+ 7. bxc3 cxd4 8. exd4 Nf6 9. Bxc4 O-O 10. Nf3 Nc6 11. O-O Na5 12. Bd3 Re8 13. Qa4 Ng4 14. Qc2 Nf6 15. Be5 g6 16. Qa4 Bd7 17. Qb4 b6 18. Bxf6 Qxf6 19. Be4 Rac8 20. Rfe1 Rc4 21. Qb2 Qf4 22. Ne5 Rd8 23. Nxc4 Nxc4 24. Qe2 Bb5 25. Qf3 Qd2 26. Re2 Qh6 27. a4 Ne5 28. dxe5 Bxe2 29. Qxe2 Rd2 30. Qe1 a6 31. Rd1 Ra2 32. Rd8+ Kg7 33. Bc6 Qf4 34. f3 Qc4 35. Be4 Re2 36. Qf1 b5 37. axb5 Qxb5 38. Bd3 Qxe5 39. Qxe2 Qxc3 40. Bxa6 Qc1+ 41. Rd1 Qc5+ 42. Kf1 Qb6 43. Qe5+ Kh6 44. Bd3 Qb3 45. Qf4+ g5 46. Qf6+ Kh5 47. g4+ Kh4 48. Qh6# 1-0

[Event "Junior Online 4NCL Division 4"]
[Site "online"]
[Date "2021.02.18"]
[EventDate "2021.02.18"]
[Round "3.165"]
[White "Pipalia, Rishi"]
[WhiteElo "1362"]
[WhiteTeam "JHJ Shark Tank 6"]
[Black "Weisfeld, Raphael"]
[BlackElo "1030"]
[BlackTeam "Tetherdown Knights"]
[Result "0-1"]
[PlyCount "34"]

1. e4 e5 2. Nf3 Nc6 3. Bc4 Bc5 4. c3 Nf6 5. d4 exd4 6. cxd4 Bb4+ 7. Nc3 O-O 8. O-O a6 9. e5 Ng4 10. Nd2 d6 11. exd6 Qxd6 12. Nf3 Bf5 13. d5 Na5 14. Be2 Bxc3 15. bxc3 Be4 16. Qa4 Bxf3 17. Bxf3 Qxh2# 0-1

[Event "Junior Online 4NCL Division 4"]
[Site "online"]
[Date "2021.02.18"]
[EventDate "2021.02.18"]
[Round "3.166"]
[White "Murphy, Sam"]
[WhiteElo "910"]
[WhiteTeam "Tetherdown Knights"]
[Black "Sisupalan, Beni"]
[BlackElo "1314"]
[BlackTeam "JHJ Shark Tank 6"]
[Result "0-1"]
[PlyCount "118"]

1. d4 Nf6 2. c4 g6 3. Nc3 Bg7 4. Bg5 d6 5. Nf3 O-O 6. e3 Nbd7 7. Bd3 e5 8. dxe5 dxe5 9. O-O h6 10. Bxf6 Nxf6 11. Bc2 Re8 12. Qxd8 Rxd8 13. Nxe5 Be6 14. b3 Re8 15. Rad1 Rad8 16. Rxd8 Rxd8 17. Rd1 Re8 18. Nb5 c6 19. Nc7 Re7 20. Nxe6 Rxe6 21. Nf3 Kf8 22. Nd4 Re7 23. Nf3 Ke8 24. Rd4 Nd5 25. Re4 Rxe4 26. Bxe4 Nc3 27. a4 Nxe4 28. Kf1 Bc3 29. Ke2 Ke7 30. Kd3 f5 31. Ng1 Nxf2+ 32. Kxc3 Ng4 33. Nf3 Nxe3 34. Nh4 g5 35. Nf3 Nxg2 36. Kd4 Kd6 37. c5+ Ke6 38. Kc4 Ne3+ 39. Kd4 Nf1 40. h3 Ng3 41. Kc4 Ne4 42. b4 g4 43. hxg4 fxg4 44. Nh4 Ng5 45. b5 Nf3 46. Ng2 Ke5 47. a5 Ke4 48. b6 a6 49. Kc3 g3 50. Kc4 h5 51. Kc3 h4 52. Kc2 h3 53. Nh4 Nxh4 54. Kd1 g2 55. Ke2 g1=Q 56. Kd2 h2 57. Ke2 h1=Q 58. Kd2 Qe3+ 59. Kc2 Qhc1# 0-1

[Event "Junior Online 4NCL Division 4"]
[Site "online"]
[Date "2021.02.18"]
[EventDate "2021.02.18"]
[Round "3.167"]
[White "Bryant, Amelie"]
[WhiteElo "1315"]
[WhiteTeam "JHJ Shark Tank 6"]
[Black "Cartwright, Ethan"]
[BlackElo "956"]
[BlackTeam "Tetherdown Knights"]
[Result "0-1"]
[PlyCount "90"]

1. d4 d5 2. c4 e6 3. Nf3 Nf6 4. Nc3 Nc6 5. Qc2 Be7 6. e3 O-O 7. Bd3 Nb4 8. Qd2 Nxd3+ 9. Qxd3 c6 10. c5 a6 11. O-O Bd7 12. b4 Qc7 13. a4 Ne4 14. a5 Nxc3 15. Qxc3 Be8 16. Qc2 f6 17. Bb2 Bg6 18. Qe2 Bh5 19. h3 Bxf3 20. Qxf3 f5 21. Rad1 Rae8 22. Qh5 g6 23. Qf3 Bg5 24. h4 Bxh4 25. Qh3 Bd8 26. f4 Be7 27. Rf3 Rf6 28. Qh6 Bf8 29. Qh4 Qg7 30. Rh3 Rf7 31. Kf2 h6 32. Rdh1 h5 33. g4 fxg4 34. R3h2 Rf5 35. Rb1 Be7 36. Qg3 Qh6 37. Rf1 h4 38. Qxg4 Ref8 39. Rg1 Rxf4+ 40. exf4 Rxf4+ 41. Qf3 Rxf3+ 42. Kxf3 Qh5+ 43. Rg4 Qf5+ 44. Rf4 Qd3+ 45. Kg4 Qg3# 0-1

[Event "Junior Online 4NCL Division 4"]
[Site "online"]
[Date "2021.02.18"]
[EventDate "2021.02.18"]
[Round "3.168"]
[White "Glynne, Jacob"]
[WhiteElo "829"]
[WhiteTeam "Tetherdown Knights"]
[Black "Sharma, Ishaan"]
[BlackElo "1328"]
[BlackTeam "JHJ Shark Tank 6"]
[Result "0-1"]
[PlyCount "46"]

1. e4 e5 2. Bc4 Nf6 3. Nf3 d5 4. exd5 Nxd5 5. Nxe5 Bc5 6. Qh5 O-O 7. Bd3 Nf6 8. Qh4 Re8 9. f4 Nc6 10. b3 Nxe5 11. Bb2 Nxd3+ 12. Kd1 Nxb2+ 13. Kc1 Nd3+ 14. cxd3 Bd4 15. f5 Bxa1 16. g4 Qd4 17. Kd1 Qxg4+ 18. Qxg4 Nxg4 19. Rg1 Nf2+ 20. Kc2 Bxf5 21. Rg2 Nxd3 22. Rg3 Nb4+ 23. Kc1 Re1# 0-1

[Event "Junior Online 4NCL Division 4"]
[Site "online"]
[Date "2021.03.04"]
[EventDate "2021.03.04"]
[Round "4.11"]
[White "Zholnin, Ivan"]
[WhiteElo "1420"]
[WhiteTeam "Barnet Knights C"]
[Black "Bhattacharya, Cali"]
[BlackElo "1331"]
[BlackTeam "Tetherdown Bishops"]
[Result "1-0"]
[PlyCount "67"]

1. e4 e6 2. d4 d5 3. e5 c5 4. c3 Ne7 5. Nd2 Nf5 6. Nb3 Nc6 7. dxc5 Nxe5 8. Bf4 Nd7 9. Nd4 Nxc5 10. Nxf5 exf5 11. Bb5+ Bd7 12. Qe2+ Be7 13. O-O-O a6 14. Bxd7+ Qxd7 15. Qe5 Rd8 16. Qxg7 Rf8 17. Kb1 Qa4 18. Nf3 Qxf4 19. Qxh7 Ne4 20. Rd4 Bc5 21. Ra4 Nd2+ 22. Nxd2 Qxa4 23. Qxf5 Qd7 24. Re1+ Be7 25. Qg5 Rc8 26. Qh6 Qf5+ 27. Ka1 Qxf2 28. Rf1 Qxg2 29. Re1 Qg6 30. Qh4 Qd6 31. Qd4 Kd8 32. Qa7 Qxh2 33. Qxb7 Qxd2 34. Qxe7# 1-0

[Event "Junior Online 4NCL Division 4"]
[Site "online"]
[Date "2021.03.04"]
[EventDate "2021.03.04"]
[Round "4.12"]
[White "Bedretdinov, Rasul"]
[WhiteElo "1037"]
[WhiteTeam "Tetherdown Bishops"]
[Black "Rupf, Oscar"]
[BlackElo "1419"]
[BlackTeam "Barnet Knights C"]
[Result "0-1"]
[PlyCount "110"]

1. e4 e6 2. d4 d5 3. exd5 exd5 4. Nf3 Bg4 5. h3 Bh5 6. Qd3 Nc6 7. c3 Nf6 8. Be2 Be7 9. Be3 O-O 10. Nbd2 Re8 11. O-O a6 12. Bg5 h6 13. Bxf6 Bxf6 14. Bd1 Qd6 15. Bc2 Bg6 16. Nc4 dxc4 17. Qd1 Bxc2 18. Qxc2 Re7 19. Nd2 b5 20. Ne4 Qf4 21. Rfe1 Rae8 22. Nxf6+ Qxf6 23. Rxe7 Qxe7 24. Qf5 Qe6 25. Qf4 Qd6 26. Qf3 Ne7 27. a4 Qc6 28. Qf4 Nd5 29. Qd2 bxa4 30. Rb1 Qb6 31. Ra1 Qb3 32. Rc1 a5 33. Ra1 c6 34. Rc1 a3 35. bxa3 Qxa3 36. Rc2 a4 37. Ra2 Qxc3 38. Qxc3 Nxc3 39. Rc2 Re1+ 40. Kh2 a3 41. Rxc3 a2 42. Ra3 a1=Q 43. Rxa1 Rxa1 44. Kg3 c3 45. Kf4 c2 46. Ke5 c1=Q 47. g4 Ra5+ 48. Ke4 c5 49. dxc5 Qc4+ 50. Kf3 Ra3+ 51. Kg2 Qe4+ 52. Kh2 Qf4+ 53. Kg2 Qf3+ 54. Kh2 Qxf2+ 55. Kh1 Rxh3# 0-1

[Event "Junior Online 4NCL Division 4"]
[Site "online"]
[Date "2021.03.04"]
[EventDate "2021.03.04"]
[Round "4.14"]
[White "Kirk, Alex"]
[WhiteElo "1078"]
[WhiteTeam "Tetherdown Bishops"]
[Black "Bracken, Layla"]
[BlackElo "1311"]
[BlackTeam "Barnet Knights C"]
[Result "1-0"]
[PlyCount "113"]

1. e4 e5 2. Nf3 Nc6 3. Nc3 Nf6 4. d4 exd4 5. Nxd4 Bb4 6. Nxc6 bxc6 7. a3 Bxc3+ 8. bxc3 d5 9. exd5 cxd5 10. Bb5+ Bd7 11. Bxd7+ Qxd7 12. O-O O-O 13. Re1 Rab8 14. Qd3 Rfd8 15. Qg3 Ne4 16. Qd3 Qf5 17. f3 Qg6 18. fxe4 dxe4 19. Qg3 Qc6 20. Bf4 Rb7 21. Be5 f6 22. Bf4 f5 23. Be5 Qd7 24. Rf1 c5 25. Rf4 Re8 26. Rh4 Qe7 27. Bd6 Qf6 28. Be5 Qe7 29. Bf4 Kh8 30. Rf1 Rg8 31. Qh3 g5 32. Be5+ Rg7 33. Bxg7+ Qxg7 34. Rh5 Rf7 35. Rxf5 Rxf5 36. Qxf5 Qe7 37. Qc8+ Kg7 38. Qf5 Qf8 39. Rxg5+ Kh6 40. Rh5+ Kg7 41. Rg5+ Kh6 42. Qxf8+ Kxg5 43. Qxc5+ Kf4 44. Qxa7 e3 45. Qd4+ Kf5 46. Qxe3 Kg6 47. c4 h5 48. c5 Kf5 49. c6 Kg6 50. c7 h4 51. c8=R Kf5 52. Rc4 Kf6 53. Qb6+ Ke5 54. Qb5+ Kd6 55. Rc6+ Kd7 56. Qb7+ Kd8 57. Rc8# 1-0

[Event "Junior Online 4NCL Division 4"]
[Site "online"]
[Date "2021.03.04"]
[EventDate "2021.03.04"]
[Round "4.15"]
[White "Bhattacharya, Cali"]
[WhiteElo "1331"]
[WhiteTeam "Tetherdown Bishops"]
[Black "Zholnin, Ivan"]
[BlackElo "1420"]
[BlackTeam "Barnet Knights C"]
[Result "1-0"]
[PlyCount "99"]

1. e4 e5 2. Nf3 Nc6 3. Bc4 Bc5 4. O-O Nf6 5. d3 h6 6. Be3 Bxe3 7. fxe3 O-O 8. Nc3 a6 9. Nd5 Na5 10. b3 Nxc4 11. bxc4 Nxd5 12. exd5 d6 13. e4 c6 14. Nd2 f6 15. Qh5 Qb6+ 16. Kh1 Qe3 17. Nb3 a5 18. Rad1 a4 19. Nd2 cxd5 20. cxd5 Qc5 21. Nc4 b5 22. Nd2 Qxc2 23. Nf3 Bd7 24. Rd2 Qc3 25. Rfd1 Be8 26. Qg4 b4 27. Nh4 b3 28. axb3 axb3 29. Nf5 Ra7 30. Nxh6+ Kh7 31. Nf5 b2 32. Rf2 Rff7 33. Qh4+ Kg8 34. Rff1 Ra1 35. h3 Rxd1 36. Rxd1 Qc1 37. Qe1 Qc2 38. Nxd6 Rb7 39. Nxb7 Ba4 40. Rb1 Qb3 41. Nc5 Qa2 42. Nxa4 Qxa4 43. Rxb2 Qa3 44. Rb8+ Kf7 45. Rb7+ Kg8 46. Qg3 Qc1+ 47. Kh2 Qh6 48. d6 g5 49. d7 Qf8 50. h4 1-0